En el forro del sombrero (Registro nro. 165865)

Detalles MARC
000 -LEADER
campo de control de longitud fija 00889nam a22001815i 4500
001 - NÚMERO DE CONTROL
campo de control 165865
003 - IDENTIFICADOR DE NÚMERO DE CONTROL
campo de control ES-MaACL
005 - FECHA Y HORA DE LA ÚLTIMA TRANSACCIÓN
campo de control 20230906213223.0
008 - DATOS DE LONGITUD FIJA--INFORMACIÓN GENERAL
campo de control de longitud fija 020128s1876 sp |||| | spa d
040 ## - FUENTE DE CATALOGACIÓN
Centro catalogador/agencia de origen CAM
Lengua de catalogación spa
Centro/agencia transcriptor CAM
100 1# - ENTRADA PRINCIPAL--NOMBRE DE PERSONA
Nombre de persona Suárez Sacristán, Fermín Martín.
9 (RLIN) 132974
245 10 - MENCIÓN DEL TÍTULO
Título En el forro del sombrero
Resto del título : juguete cómico en un acto y en prosa /
Mención de responsabilidad, etc. original de Fermin M. Suarez Sacristan.
260 ## - PUBLICACIÓN, DISTRIBUCIÓN, ETC.
Lugar de publicación, distribución, etc. Madrid :
Nombre del editor, distribuidor, etc. [s.n.],
Fecha de publicación, distribución, etc. 1876 (
Fabricante Imprenta de José Rodríguez)
300 ## - DESCRIPCIÓN FÍSICA
Extensión 24 p. ;
Dimensiones 19 cm.
500 ## - NOTA GENERAL
Nota general En port.: Estrenado en el Teatro de la Comedia el 2 de abril de 1876.
596 ## - NOTA AL PIE DE IMPRENTA
NOTA AL PIE DE IMPRENTA Al v. de la port. consta : "... Administracion Lírico-Dramática de Don Eduardo Hidalgo..."
852 ## - LOCALIZACIÓN
Ubicación ES-MaACL
Número de control de estantería F-8580(6)
Nota libre -- Enc. pasta española, falto de la enc. original
-- -- Enc. en un vol. facticio formando parte de la col. facticia "Teatro español moderno", vol. 33
Existencias
Estatus retirado Estado de pérdida Estado de daño No para préstamo Colección Biblioteca de origen Biblioteca actual Ubicación en estantería Fecha de adquisición Total de préstamos Signatura topográfica completa Código de barras Visto por última vez Precio de reemplazo Tipo de ítem Koha
        Libros del s. XIX Biblioteca del Ateneo de Madrid Biblioteca del Ateneo de Madrid Sala Pecera Planta 2 17/01/2008   F-8580(6) 1173943 23/02/2023 23/02/2023 Libro impreso antiguo